Tilastot visalle Costeen biisit

Klikkaa tästä pelataksesi tätä visaa!

Yleistilastot

  • Tätä visaa on pelattu 30 kertaa
  • Keskiarvotulos 15 / 30

Vastaustilastot

JulkaisuvuosiBiisi% Oikein
18.5.2018Yli susta
86%
10.8.2018Luurangot
73%
13.9.2019Satuta mua kunnolla
73%
22.3.2019Päivänsäde (feat. F)
68%
2.3.2018Pakoon pahaa oloo
68%
24.5.2019Opeta mut elämään
59%
24.1.2020Taas sun kaa
59%
24.5.2019Kalifornia
55%
3.7.2020Kukaan ei henkiin herätä
55%
29.1.2021Nuori Edelmann
55%
7.8.2020Yks kaks
55%
1.2.2019Eka tääl
50%
7.8.2020Kaikki loppuu aina
50%
24.5.2019Kännissä tai läpällä
50%
29.11.2019Kunnes kuollaan
50%
7.8.2020Mustelmii (feat. Heviteemu)
50%
17.4.2020Normaaleita (feat. TIPPA)
50%
24.5.2019Sun iholla
50%
9.11.2018Toivon
50%
26.10.2021Elämä on hetken ihanaa
45%
7.8.2020Paholaisen kaa
45%
18.3.2022Älä pyydä mua takas enää
41%
24.5.2019Halleluja
41%
7.8.2020Mä en osaa rakastaa
41%
14.5.2021Ne voi liittyy (feat. BIZI)
41%
24.5.2019Saat mut uskomaan
36%
29.5.2020Mä en haluu mennä nukkuu vielä (costee x TIPPA)
32%
29.5.2020Viaton (costee x TIPPA)
32%
29.5.2020Kivat tytöt (costee x TIPPA)
27%
29.5.2020Huonoon valoon (costee x TIPPA)
18%

Tulosjakauma

Persentiili vastausten määrän mukaan

Jokaisen tuloksen saaneiden osuus

Tuloshistoriasi

Et ole pelannut tätä visaa